00868nam a2200253Ia 450000500170000000800410001702000150005804100080007310000280008124501280010925000220023730000330025965000300029265000270032265000260034970000450037570000300042026400300045033600270048033700330050733800280054004000350056808400110060320220316235642.0121119s2000 sp a gr 000 f spa  a84261208811 aspa1 aLindgren, Astridd1907-10aRonja la hija del bandolerocAstrid Lindgren ; traducción de Marina Escanilla de Bejarano ; ilustraciones de Ilon Wikland aPrimera edición a222 páginasbilustraciones14aLiteratura juvenil 2LEMB14aLiteratura sueca2LEMB14aNovela juvenil 2LEMB1 aEscanilla de Bejarano, Marinaetraductor1 aWikland, Iloneilustrador aBarcelonabJuventudc2000 atextobtxt2rdacontent asin mediaciónbn2rdamedia avolumenbnc2rdacarrier aCO-BoRNBPbspaerdacCO-BoRNBP aN LIN3